| 000 | 01138nac a22002775i 4500 | ||
|---|---|---|---|
| 999 |
_c6173 _d6173 |
||
| 003 | EG-ScBUE | ||
| 005 | 20201124142043.0 | ||
| 008 | 080924s1949 ua f 000 0 ara ara d | ||
| 040 |
_aEG-SCBUE _bara _erda _cEG-SCBUE _dEG-SCBUE |
||
| 082 | 0 | 4 |
_a492.717 _bخ ف ا _222 |
| 100 | 1 |
_aخفاجي، محمد عبد المنعم، _d1915-2006، _eمؤلف. _913834 |
|
| 245 | 1 | 0 |
_aفن الشعر : _bعروض الشعر العربي وقوافيه. _nالجزء الأول / _cتأليف محمد عبد المنعم خفاجي، أستاذ الأدب بكلية اللغة العربية. |
| 250 | _aالطبعة الأولى. | ||
| 264 | 1 |
_aمصر : _bالمكتبة المحمودية التجارية، _c1949. |
|
| 300 |
_a128 صفحة ؛ _c24 سم |
||
| 336 |
_2rdacontent _aنص _btxt |
||
| 337 |
_2rdamedia _aبدون وسيط _bn |
||
| 338 |
_2rdacarrier _aمجلد _bnc |
||
| 541 |
_aألف باء ؛ _c ؛ شراء |
||
| 590 | _aريهام | ||
| 650 | 7 |
_aالأوزان الشعرية. _921708 _2BUEsh |
|
| 651 | _2BUEsh | ||
| 653 |
_bGGEN _cDecember2019 |
||
| 655 |
_vReading book _934232 |
||
| 942 |
_cBB _k416 خ ف ا _2ddc |
||